Función visual y rendimiento profesional : (I Symposium nacional) / recopilación por F. Palomar-Petit (I Symposium nacional) / recopilación por F. Palomar-Petit
Descripción Física:
242 p. ; 24 cm
Colección:
Colección de ciencias sociales ; 8
Otros Autores:
Palomar-Petit, F.
MARC
| LEADER | 00000nam a2200000Ia 4500 | ||
|---|---|---|---|
| 001 | 8936 | ||
| 008 | 160829s1968 xx 000 0 cat d | ||
| 080 | |a C-1-573 | ||
| 100 | |a Simposio Nacional sobre la Función Visual y el Rendimiento Profesional (1r : 1968 : Barcelona) |9 34128 | ||
| 245 | |a Función visual y rendimiento profesional : |b (I Symposium nacional) / recopilación por F. Palomar-Petit | ||
| 260 | |a Barcelona : |b Diputación Provincial de Barcelona, Instituto de Ciencias Sociales, |c 1968 | ||
| 300 | |a 242 p. ; |c 24 cm | ||
| 490 | |a Colección de ciencias sociales ; 8 | ||
| 650 | |a Treball |x Productivitat |9 34129 | ||
| 650 | |a Visió |9 34130 | ||
| 650 | |a Rendiment |9 34131 | ||
| 700 | |a Palomar-Petit, F. |9 34132 | ||
| 710 | 2 | |a Instituto de Ciencias Sociales (Barcelona, Catalunya) |9 54508 | |
| 901 | |a Arxiu | ||
| 942 | |n 1 | ||
| 952 | |0 0 |1 0 |4 0 |6 C1573 |7 1 |9 46394 |a Arxiu |b Arxiu |d 2016-12-01 |l 0 |o C-1-573 |p 8936 |r 2016-12-01 00:00:00 |w 2016-12-01 |y ARXIU | ||
| 999 | |c 50179 |d 50179 | ||